000 00603nam a2200241Ia 4500
003 OSt
005 20220924125855.0
006 a|||||r|||| 00| 0
007 ta
008 PER
024 _a328841
037 _cTextual
040 _aARTS
_cARTS
_bPER
041 _2PER
_aPER
082 _aO164,6x, N2
100 _aSafa Fazlullah Au.
_9199101
245 0 _aAain nigarish
260 _aTehran
_bIntisharat-e-Eqbal Iran
_c1992
300 _a261p.
_ccm.
650 _aPERSIAN PROSE
_9997
942 _hO164,6x, N2
_cTEXL
_2CC
999 _c423589
_d423589